000 004830000a22001930004500
001 002854
003 MACL
005 20151015131059.0
008 151015b xxu||||| |||| 00| 0 eng d
040 _aMACL
_cMACL
041 _aEnglish
082 _a920.71/GUP
100 _aGupta, M.G
_914967
245 _aErotic Mysticism In MedivalIndia saints
_cM.G Gupta
260 _aNew Delhi
_c1993
_bM G Publishers,
350 _a250
650 _aBiography
_914968
942 _k921
_cBK
_2ddc
999 _c14762
_d14762